书目信息 |
| 题名: |
中国雄师:第三野战军
|
|
| 作者: | 张斌 编著 | |
| 分册: | ||
| 出版信息: | 北京 中共党史出版社 1996 |
|
| 页数: | 394页 | |
| 开本: | 20cm | |
| 丛书名: | ||
| 单 册: | ||
| 中图分类: | E297.4 | |
| 科图分类: | ||
| 主题词: | 第三次国内革命战争--中国人民解放军军史 | |
| 电子资源: | ||
| ISBN: | 7-80023-968-3 | |
| 000 | 00814nam0 2200229 45 | |
| 001 | 0197012736 | |
| 005 | 20050404144027.6 | |
| 010 | @a7-80023-968-3@dCNY21.50 | |
| 100 | @a19970523d1996 em y0chiy0121 ea | |
| 101 | 0 | @achi |
| 102 | @aCN@b110000 | |
| 105 | @ay z 000yd | |
| 200 | 10 | @a中国雄师:第三野战军@Azhong guo xiong shi : di san ye zhan jun@e名将谱·雄师录·征战记@EMing Jiang Pu·Xiong Shi Lu·Zheng Zhan Ji@f张斌等编著@FZhang Bin Deng Bian Zhu |
| 210 | @a北京@c中共党史出版社@d1996 | |
| 215 | @a394页@d20cm | |
| 517 | 1 | @a第三野战军@Adi san ye zhan jun |
| 517 | @a名将谱·雄师录·征战记@AMing Jiang Pu·Xiong Shi Lu·Zheng Zhan Ji | |
| 606 | @a第三次国内革命战争@x中国人民解放军军史 | |
| 690 | @aE297.4@v3 | |
| 701 | 0 | @a张斌@4编著 |
| 801 | 0 | @aCN@bNLC@c19970617 |
| 905 | @dE297.4@e40:3@f1@b272507 | |
| 中国雄师:第三野战军:名将谱·雄师录·征战记/张斌等编著.-北京:中共党史出版社,1996 |
| 394页;20cm |
| ISBN 7-80023-968-3:CNY21.50 |
| ● |
| 相关链接 |
|
|
|
|
正题名:中国雄师:第三野战军
索取号:E297.4/40:3
 
预约/预借
| 序号 | 登录号 | 条形码 | 馆藏地/架位号 | 状态 | 备注 |
| 1 | 0272504 | 001261538 | 第一样本阅览室/ [索取号:E297.4/40:3] | 在馆 | |
| 2 | 0272505 | 001261547 | 第一借阅区/ [索取号:E297.4/40:3] | 在馆 | |
| 3 | 0272506 | 001261556 | 第一借阅区/ [索取号:E297.4/40:3] | 在馆 | |
| 4 | 0272507 | 002005225 | 第一借阅区/ [索取号:E297.4/40:3] | 在馆 | |
| 5 | 0272508 | 001261529 | 密集书库/ [索取号:E297.4/40:3] | 在馆 |